| 000 | 00000nam 2200000zi 4500 |
| 001 | 9.901154 |
| 003 | CaOODSP |
| 005 | 20250310163522 |
| 006 | m o d f |
| 007 | cr cn||||||||| |
| 008 | 210625t20212021quc o f000 0 fre d |
| 020 | |a9780660393735 |
| 040 | |aCaOODSP|bfre|erda|cCaOODSP |
| 043 | |an-cn--- |
| 086 | 1 |aEn4-73/1-2021F-PDF |
| 245 | 00|aCommunication sur l'adaptation du Canada à la Convention-cadre des Nations Unies sur les changements climatiques. |
| 264 | 1|aGatineau (Québec) : |bEnvironnement et changement climatique Canada = Environment and Climate Change Canada, |c[2021] |
| 264 | 4|c©2021 |
| 300 | |a1 ressource en ligne (12 pages) |
| 336 | |atexte|btxt|2rdacontent/fre |
| 337 | |ainformatique|bc|2rdamedia/fre |
| 338 | |aressource en ligne|bcr|2rdacarrier/fre |
| 500 | |aPublié aussi en français sous le titre : Canada's adaptation communication to the United Nations Framework Convention on Climate Change. |
| 500 | |a« EC : 21133. » |
| 630 | 06|aConvention-cadre des Nations Unies sur les changements climatiques |d(1992 mai 9) |
| 650 | 6|aClimat|xChangements|xPolitique gouvernementale|zCanada. |
| 650 | 6|aGaz à effet de serre|xPolitique gouvernementale|zCanada. |
| 710 | 1 |aCanada. |bEnvironnement et changement climatique Canada, |eorganisme de publication. |
| 775 | 08|tCanada's adaptation communication to the United Nations Framework Convention on Climate Change.|w(CaOODSP)9.901153 |
| 794 | |tDeuxième communication du Canada sur l'adaptation.|w(CaOODSP)9.948325 |
| 856 | 40|qPDF|s1.19 Mo|uhttps://publications.gc.ca/collections/collection_2021/eccc/En4-73-1-2021-fra.pdf |